Internacionalizace vysokých škol role pracovníka zahraničního odboru

České vysoké školy v období internacionalizácie vzdelávania a výskumu. Význam a dvojaká rola pracovníka zahraničného oddelenia - špecialista Senior International Officer. Požiadavky na osobu vedúceho pracovníka zahraničného oddelenia. Zjednocovanie študijných programov. Demokratickosť vysokej školy....

Ausführliche Beschreibung

Gespeichert in:
Bibliographische Detailangaben
1. Verfasser: Healey, Robin
Weitere Verfasser: Tocháček, Miloslav
Format: Buchkapitel
Sprache:Tschechisch
Schlagworte:
Tags: Tag hinzufügen
Keine Tags, Fügen Sie das erste Tag hinzu!

MARC

LEADER 00000naa a2200000 4500
001 r037669
005 20240516090057.1
041 0 |a cze 
044 |a CZ 
245 1 0 |a Internacionalizace vysokých škol  |b role pracovníka zahraničního odboru  |c Robin Healey, Miloslav Tocháček 
520 |a České vysoké školy v období internacionalizácie vzdelávania a výskumu. Význam a dvojaká rola pracovníka zahraničného oddelenia - špecialista Senior International Officer. Požiadavky na osobu vedúceho pracovníka zahraničného oddelenia. Zjednocovanie študijných programov. Demokratickosť vysokej školy. Internacionalizácia vzdelávania a výskumu. 
610 2 0 |a školy vysoké 
610 2 0 |a Česko 
610 2 0 |a internacionalizácia 
610 2 0 |a vzdelávanie 
610 2 0 |a výskum 
610 2 0 |a pracovníci riadiaci 
610 2 0 |a špecializácia 
100 1 |a Healey, Robin 
700 1 |a Tocháček, Miloslav